000 00660cam a2200241 4500
001 9126
003 BD-RjUL
005 20211208234724.0
008 140120r19671960us a 001 0 eng d
035 _a(BD-RjUL)9171
040 _aBD-RjUL
_beng
_cBD-RjUL
041 _aeng
082 0 4 _216
_a537.54
_bBUP 1967
100 1 _aBube, Richard H.,
_d1927-
_926993
245 1 0 _aPhotoconductivity of solids /
_cRichard H. Bube
260 _aNew York :
_bWiley,
_cc1960 [printing 1967].
300 _a461 p :
_billus ;
_c24 cm
504 _aIncludes index.
650 0 _aPhotoconductivity
_928276
942 _2ddc
_cBK
999 _c9126
_d9126